| 000 | 00763nam a2200229 i 4500 | ||
|---|---|---|---|
| 001 | 89583 | ||
| 003 | ES-MaACL | ||
| 005 | 20250905123711.0 | ||
| 007 | t| | ||
| 008 | 050111s1984 sp ||||1| spa d | ||
| 100 | 1 |
_aLassalle, Ferdinand. _9128724 |
|
| 245 | 1 | 0 |
_a¿Qué es una constitución? / _cFerdinand Lasalle ; estudio preliminar de Eliseo Aja ; [traducción del alemán por Wenceslao Roces]. |
| 250 | _a[1ª ed.]. | ||
| 260 |
_aBarcelona : _bAriel, _c1984. |
||
| 300 |
_a183 p. ; _c20 cm. |
||
| 650 | 0 | 7 |
_aDerecho constitucional _2embne _911680 |
| 651 | 4 |
_aPrusia- _xHistoria. _9137324 |
|
| 700 | 1 |
_aAja, Eliseo. _919023 |
|
| 700 | 1 |
_aRoces, Wenceslao, _d1897-1992 _998039 |
|
| 852 |
_aES-MaACL _jL-5642 _bR.106248 |
||
| 999 |
_c89583 _d89583 |
||